000 00507nam a22001577a 4500
005 20231121093747.0
008 231121b |||||||| |||| 00| 0 eng d
041 _aEnglish
082 _a342.8 ROL
100 _aKasambara, R
_lEnglish
245 _aThe Role of National Law Societies in Contributing to Democracy and Human Rights in Southern Africa /
_cR Kasambara
260 _c2003
300 _b33 pages ;
_c30 cm.
650 _aLegal practice
_bLaw
942 _cBK
_6ALISON_BN_VRIES
999 _c830
_d830